|
|
|
|
| LEADER |
00000nab a2200000 a 4500 |
| 001 |
vtls000694091 |
| 003 |
SK-MaSNL |
| 005 |
20260304182032.0 |
| 008 |
160314c1999 xo 0 slo |
| 015 |
|
|
|a SNBRB1999/05-14181
|
| 035 |
|
|
|a CLN000046258
|
| 040 |
|
|
|a SNKBUCL
|b slo
|c SNKBUCL
|e AACR2
|
| 041 |
0 |
|
|a slo
|
| 044 |
|
|
|a xo
|c SK
|
| 080 |
|
|
|a 885.4-3(087.5)
|2 UDC-MRF-SK2
|
| 100 |
1 |
|
|a Bariak, Imrich,
|d 1962-
|4 aut
|9 109852
|
| 245 |
1 |
0 |
|a Strašiakov sen
|c Imrich Bariak ; ilustrovala Blanka Votavová
|
| 650 |
0 |
7 |
|a miniatúry prozaické slovenské
|2 snkbucl
|9 586659
|
| 700 |
1 |
|
|a Votavová, Blanka,
|d 1933-2018
|4 ill
|9 193727
|
| 773 |
0 |
|
|x 0139-911X
|t Slniečko
|g Roč. 53, č. 9 (1999), s. 19
|
| 850 |
|
|
|a Slovenská národná knižnica v Martine
|
| 852 |
|
|
|a SNK
|b KIS3GCP
|
| 958 |
|
|
|a SK
|
| 958 |
|
|
|a LX
|
| 958 |
|
|
|a RBX
|
| 999 |
|
|
|c 3027140
|d 3029070
|